02274agaaa2200301 45000010005000000030009000050050017000140070009000310080040000400400023000800410013001031000052001161300026001682400043001942450214002372460036004512500022004872600142005093000034006515080173006855110088008585200817009465380016017635460013017796500060017927000056018527000064019086220IT-RoPAU20220918181235.0d cvaizq50131s9999||||xx ||| | || ||und|| aIT-RoPAUcIT-RoPAU aITALIANO aSchlondorff VolkergCodice regista SPICS: 11222 aTAMBURO DI LATTA (IL) aBLECHTROMMEL (DIE) / LE TAMBOURgT1845 aTAMBURO DI LATTA (IL)cProdotto da: Seitz Franz -- Sceneggiatura: Carriere Jean Claude Schlondorff V. Seitz Franz -- Diretto da: Schlondorff VolkerpTAMBURO DI LATTA (IL) (Rif. Codice opera principale : 26220) aBLECHTROMMEL (DIE) / LE TAMBOUR aEdizione Standard aFRANCIA (GERMANIA - FRANCI)bFRANZSEITZ - BIOSKOP - ARTEMIS - ARGOS / Distribuzione: RAIg"1979 (1° ed.: 1985 ; Ed. Lingua Orig.: 1979)" aVHSbsonoro, col.c135 minuti a"Fotografia: Luther Igor; Montaggio: Baron Suzanne; Musica: Jarre Maurice; Sceneggiatura: Carriere Jean Claude Schlondorff V. Seitz Franz; Scenografia: Perakis Nicos; " a"Bennent David; Adorf Mario; Winkler Angela; Olbrychski Daniel; Thalbach Katharina" aOSCAR E' UN BAMBINO CHE QUANDO COMPIE IL SUO TERZO COMPLEANNO DECIDE DI ISOLARSI DAGLI ADULTI CHE LO HANNO STOMACATO E DECIDE DI RIMANERE MINUSCOLO IL FENOMENO FISICO INSPIEGABILE PER LA FAMIGLIA A PER I CLINICI VIENE UN POCO ALLA VOLTA ACCETTATO E NEL FRATTEMPO OSCAR SCOPRE DUE SINGOLARI DOTI: QUELLA DI DARE FASTIDIO E ANCHE TERRORIZZARE CON IL SUONO DEL TAMBURO DI LATTACHE PORTA PERENNEMENTE A TRACOLLA E QUELLA DI POSSEDERE UNA VOCE STRIDULA CON TONI AD ALTA FREQUENZA CAPACE DI ROMPERE VETRI E CRISTALLI QUANDO LE COSE NON VANNO A SUO GENIO L'ETERNO RAGAZZINO USA LE SUE ARMI COSI' UN GIORNORIDICOLIZZA UNA GRANDE PARATA NAZISTA CHE PRELUDE ALLO SCOPPIO DELLA II GUERRA MONDIALE SIGISMOND MARCUS UN VENDITORE DI GIOCATTOLI E' SUO GRANDE AMICO E LO VEDRA' SUICIDA DOPO L'OCCUPAZIONE TEDESCA DRAMMA SOLCIALE aPAL, STEREO aITALIANO aDRAMMA SOCIALEeFILMS [VHS]xCodice MATERIA SPICS: 9960 aJarre Mauricee(musica)gCodice Musica SPICS: 10958 aSchlondorff Volker e(regista)gCodice regista SPICS: 11222